Urban Now : A Human in the Face of Borderliness and Urbanisation in Juba, South Sudan.

The work studies the spontaneous city spreading process of Juba after the civil war in South Sudan. The book presents the complex transformations of spatial, economic, family, religious and ethnic patterns within the new urban settings of post-war Juba. The presented material comes from the author&#...

Full description

Bibliographic Details
Main Author: Kurcz, Maciej.
Format: eBook
Language:English
Published: Frankfurt a.M. : Peter Lang GmbH, Internationaler Verlag der Wissenschaften, 2021.
Edition:1st ed.
Series:International Relations in Asia, Africa and the Americas Series
Subjects:
Online Access:Click to View
LEADER 02035nam a22003853i 4500
001 EBC6561946
003 MiAaPQ
005 20231204023216.0
006 m o d |
007 cr cnu||||||||
008 231204s2021 xx o ||||0 eng d
020 |a 9783631849859  |q (electronic bk.) 
020 |z 9783631819883 
035 |a (MiAaPQ)EBC6561946 
035 |a (Au-PeEL)EBL6561946 
035 |a (OCoLC)1261364068 
040 |a MiAaPQ  |b eng  |e rda  |e pn  |c MiAaPQ  |d MiAaPQ 
100 1 |a Kurcz, Maciej. 
245 1 0 |a Urban Now :  |b A Human in the Face of Borderliness and Urbanisation in Juba, South Sudan. 
250 |a 1st ed. 
264 1 |a Frankfurt a.M. :  |b Peter Lang GmbH, Internationaler Verlag der Wissenschaften,  |c 2021. 
264 4 |c Ã2021. 
300 |a 1 online resource (270 pages) 
336 |a text  |b txt  |2 rdacontent 
337 |a computer  |b c  |2 rdamedia 
338 |a online resource  |b cr  |2 rdacarrier 
490 1 |a International Relations in Asia, Africa and the Americas Series ;  |v v.11 
520 |a The work studies the spontaneous city spreading process of Juba after the civil war in South Sudan. The book presents the complex transformations of spatial, economic, family, religious and ethnic patterns within the new urban settings of post-war Juba. The presented material comes from the author's ethnographic research conducted in 2007-2008. 
588 |a Description based on publisher supplied metadata and other sources. 
590 |a Electronic reproduction. Ann Arbor, Michigan : ProQuest Ebook Central, 2023. Available via World Wide Web. Access may be limited to ProQuest Ebook Central affiliated libraries.  
655 4 |a Electronic books. 
776 0 8 |i Print version:  |a Kurcz, Maciej  |t Urban Now  |d Frankfurt a.M. : Peter Lang GmbH, Internationaler Verlag der Wissenschaften,c2021  |z 9783631819883 
797 2 |a ProQuest (Firm) 
830 0 |a International Relations in Asia, Africa and the Americas Series 
856 4 0 |u https://ebookcentral.proquest.com/lib/matrademy/detail.action?docID=6561946  |z Click to View